000 00700nam a2200253Ia 4500
003 OSt
005 20220918163441.0
006 a|||||r|||| 00| 0
007 ta
008 220917b |||||||| |||| 00| 0 eng d
020 _a000255237X
024 _a2,160
037 _cTextual
040 _aARTS
_cARTS
_beng
041 _2eng
_aeng
082 _aV3:17.N9<--L65, N6
100 _aJudd Denis
_913229
245 0 _aEmpire
_b The British imperial experience, from 1765 to the present
260 _aLondon
_bHarper Collins Gt. Brit.
_c1996
300 _a517 p.
_ccm.
650 _aHISTORY
942 _hV3:17.N9<--L65, N6
_cTEXL
_2CC
999 _c119679
_d119679